000 00547ntaaa2200193 4500
003 01
005 20251027202953.0
008 0714s1973 ag 01
040 _aAR-BaBN
_bspa
_cAR-BaBN
_eaacr
_dRIC
082 _a975.3000 Sc9
100 _aSchwengel, Fred
_930622
245 _aNosotros, el pueblo
250 _a1 ed.
260 _aWashington, D.C. :
_bUnited States Capitol Historical Society,
_c1968
300 _a143 p
500 _aLa historia del capitolio de los Estados Unidos
650 _aCapitolio-Estados Unidos
_930623
942 _cBK
999 _c25095
_d25095